Statistics for Political Movements by Country

Click here to take the quiz!

General Stats

  • This quiz has been taken 40,098 times
  • The average score is 15 of 22

Answer Stats

Group Country % Correct
NazisGermany
100%
BolsheviksRussia
97%
TalibanAfghanistan
95%
Tea PartyUnited States
93%
African National Congress South Africa
87%
ToriesUnited Kingdom
83%
Parti QuébécoisCanada
76%
Khmer RougeCambodia
71%
HamasPalestine (Israel)
70%
New Flemish AllianceBelgium
68%
Sinn FéinIreland/UK
65%
Aum ShinrikyoJapan
62%
HezbollahLebanon
59%
Tamil TigersSri Lanka
59%
ZapatistasMexico
55%
PeronistsArgentina
50%
Kuomintang China/Taiwan
49%
Bull MooseUnited States
48%
RoundheadsEngland
48%
SolidarityPoland
46%
FARCColombia
45%
LikudIsrael
38%

Score Distribution

Percentile by Number Answered

Percent of People with Each Score

Your Score History

You have not taken this quiz